01129nam a2200193Ia 4500001001000000003001000010008004100020040002500061041001300086100001300099245003800112250001100150260008200161300002700243500026400270501011400534520026400648650002300912L195-1910IT-CnALBA170116s9999||||xx |||||||||||||| ||und|| aIT-CnALBAcIT-CnALBA aITALIANO aEVOLA J. 0aRIVOLTA CONTRO IL MONDO MODERNO.  a1a ed. aMILANObHOEPLI ULRICO EDITORE c1934 [1° Ed.:1934 - Ed.Ling.Originale: 1934] a496 p. (prefazione: 7) aMONDO TRADIZIONALE. IL PRINCIPIO. LA DIVINITÀ REGALE. LA LEGGE E LO STATO. CARATTERE PRIMORDIALE DEL PATRIZIATO. LE DUE VIE DEL POST MORTEM. VITA E MORTE DELLA CIVILTÀ. RAPPORTO TRA RE E SACERDOTE. L'ANIMA DELLA CAVALLERIA. CORPORAZIONI. METAFISICA DELLA  aSocietà San Paolo EM - Piazza San Paolo, 14 - 12051 ALBA (CN) (non commercial uses only) ® Copyright 2017 aMONDO TRADIZIONALE. IL PRINCIPIO. LA DIVINITÀ REGALE. LA LEGGE E LO STATO. CARATTERE PRIMORDIALE DEL PATRIZIATO. LE DUE VIE DEL POST MORTEM. VITA E MORTE DELLA CIVILTÀ. RAPPORTO TRA RE E SACERDOTE. L'ANIMA DELLA CAVALLERIA. CORPORAZIONI. METAFISICA DELLA  aFILOSOFIA ITALIANA